| 000 | 01050nam a2200241Ia 4500 | ||
|---|---|---|---|
| 001 | 153.6-PAR jo ps (14756) | ||
| 003 | IT-MiSPE | ||
| 008 | 171229s9999||||xx |||||||||||||| ||und|| | ||
| 040 |
_aIT-MiSPE _cIT-MiSPE |
||
| 041 | _aITALIANO | ||
| 100 | _aJohn Parry | ||
| 240 | _aThe psychology of human communication | ||
| 245 | 0 | _aPsicologia della comunicazione umana | |
| 250 | _a2a ed. | ||
| 260 |
_aRoma _bArmando _c1980 |
||
| 300 |
_a319 p. _c22 cm |
||
| 490 |
_aSerie di psicologia _v10 |
||
| 501 | _aEdizioni San Paolo srl - Piazza Soncino, 5 - 20092 CINISELLO BALSAMO (MI) (non commercial uses only) ® Copyright 2018 | ||
| 700 |
_aEmanuele Riverso _g(traduzione) |
||
| 942 | _cBK | ||
| 957 | _71 | ||
| 999 |
_a1133 _bNO _g Copie: 1 _c337054 _d337054 |
||